Policy & politics in nursing and health care
Contents: Introduction to policy and politics in nursing and health care, Health care delivery and finacing, Policy and politics in the workplace, Policy and politics in government,Policy and politics in professional organizations, Policy and politics in the community.
में बचाया:
| मुख्य लेखक: | |
|---|---|
| स्वरूप: | पुस्तक |
| भाषा: | Undetermined |
| प्रकाशित: |
St. Louis, MO
Saunders
2002
|
| विषय: | |
| टैग : |
टैग जोड़ें
कोई टैग नहीं, इस रिकॉर्ड को टैग करने वाले पहले व्यक्ति बनें!
|
| Thư viện lưu trữ: | Trung tâm Học liệu Trường Đại học Cần Thơ |
|---|
| LEADER | 00954nam a2200229Ia 4500 | ||
|---|---|---|---|
| 001 | CTU_220349 | ||
| 008 | 210402s9999 xx 000 0 und d | ||
| 020 | |c 1.00 | ||
| 082 | |a 362.173 | ||
| 082 | |b M398 | ||
| 100 | |a Mason, Diana J. | ||
| 245 | 0 | |a Policy & politics in nursing and health care | |
| 245 | 0 | |c Diana J. Mason (Editor-in-Chief), Judith K. Leavitt, Mary W. Chaffee | |
| 260 | |a St. Louis, MO | ||
| 260 | |b Saunders | ||
| 260 | |c 2002 | ||
| 520 | |a Contents: Introduction to policy and politics in nursing and health care, Health care delivery and finacing, Policy and politics in the workplace, Policy and politics in government,Policy and politics in professional organizations, Policy and politics in the community. | ||
| 650 | |a Nursing,Y tá | ||
| 650 | |x Political aspects,Khía cạnh chính trị | ||
| 650 | |z United States,Hoa Kỳ | ||
| 904 | |i Gia Linh,Hải | ||
| 980 | |a Trung tâm Học liệu Trường Đại học Cần Thơ | ||